000 00556nam a2200193 a 4500
001 16773
003 CO-ViMGA
008 141112s2004 ck r 000 u spa d
020 _a9582812869
040 _aCO-ViMGA
_bspa
_cCO-ViMGA
082 0 4 _aR920 G715
110 _aCirculo de lectores
245 1 0 _aGran diccionario de biografías
260 _aBogotá,
_cCirculo de lectores,
_c2002
590 _aForma de adquisición : Donación - Mincultura
650 1 4 _aBIOGRAFIAS - DICCIONARIOS
_94754
650 1 4 _aDICCIONARIO DE BIOGRAFIAS
942 _2ddc
_cBK
999 _c26430
_d26430